000 00621nam a22002177a 4500
001 00028581
005 20260318111433.0
008 260318b ag ||||| |||| 00| 0 spa d
020 _a9789871496921
040 _aAR-CcCEOS
_bspa
_cAR-CcCEOS
041 _aspa
080 _a940.5
090 _bGLA
100 1 _aGlass, Charles,
_d1950-
_9911
245 _aDesertores :
_buna historia silenciada de la segunda guerra mundial /
_cCharles Glass
250 _a1ยช ed.
260 _aBuenos Aires :
_bAriel,
_c2014.
300 _a512 p. ;
_c24x15 cm.
655 0 _aciencias sociales
_vhistoria
_9912
942 _2udc
_cBK
_n0
999 _c28611
_d28611